The mystic fable / (Record no. 118669)
[ view plain ]
| 000 -LEADER | |
|---|---|
| fixed length control field | 01574pam a2200373 a 4500 |
| 001 - CONTROL NUMBER | |
| control field | 2962012 |
| 003 - CONTROL NUMBER IDENTIFIER | |
| control field | ARRUPE |
| 005 - DATE AND TIME OF LATEST TRANSACTION | |
| control field | 20131126111233.0 |
| 008 - FIXED-LENGTH DATA ELEMENTS--GENERAL INFORMATION | |
| fixed length control field | 911023m19929999iluab b 001 0 eng |
| 010 ## - LIBRARY OF CONGRESS CONTROL NUMBER | |
| LC control number | 91041827 |
| 020 ## - INTERNATIONAL STANDARD BOOK NUMBER | |
| International Standard Book Number | 0226100367 (cloth : v. 1 : alk. paper) |
| 040 ## - CATALOGING SOURCE | |
| Original cataloging agency | DLC |
| Transcribing agency | DLC |
| Modifying agency | DLC |
| 041 1# - LANGUAGE CODE | |
| Language code of text/sound track or separate title | eng |
| Language code of original and/or intermediate translations of text | fre |
| 043 ## - GEOGRAPHIC AREA CODE | |
| Geographic area code | e------ |
| 050 00 - LIBRARY OF CONGRESS CALL NUMBER | |
| Classification number | BV5077.E85 |
| Item number | C4713 1992 |
| 082 00 - DEWEY DECIMAL CLASSIFICATION NUMBER | |
| Classification number | 248.2/2/09409031 |
| Edition number | 20 |
| 300 ## - PHYSICAL DESCRIPTION | |
| Other physical details | ill., maps ; |
| Dimensions | 24 cm. |
| 100 1# - MAIN ENTRY--PERSONAL NAME | |
| Personal name | Certeau, Michel de. |
| 9 (RLIN) | 3776 |
| 240 10 - UNIFORM TITLE | |
| Uniform title | <a href="Fable mystique.">Fable mystique.</a> |
| Language of a work | English |
| 245 14 - TITLE STATEMENT | |
| Title | The mystic fable / |
| Statement of responsibility, etc | Michel de Certeau ; translated by Michael B. Smith. |
| 260 ## - PUBLICATION, DISTRIBUTION, ETC. (IMPRINT) | |
| Place of publication, distribution, etc | Chicago : |
| Name of publisher, distributor, etc | University of Chicago Press, |
| Date of publication, distribution, etc | 1992- |
| 300 ## - PHYSICAL DESCRIPTION | |
| Extent | v. <1 > : |
| 440 #0 - SERIES STATEMENT/ADDED ENTRY--TITLE | |
| Title | Religion and postmodernism |
| 9 (RLIN) | 3777 |
| 500 ## - GENERAL NOTE | |
| General note | Translation of: La fable mystique. |
| 504 ## - BIBLIOGRAPHY, ETC. NOTE | |
| Bibliography, etc | Includes bibliographical references and index. |
| 505 1# - FORMATTED CONTENTS NOTE | |
| Formatted contents note | v. 1. The sixteenth and seventeenth centuries. |
| 650 #0 - SUBJECT ADDED ENTRY--TOPICAL TERM | |
| Topical term or geographic name as entry element | Mysticism |
| Geographic subdivision | Europe |
| General subdivision | History |
| Chronological subdivision | 16th century. |
| 9 (RLIN) | 3778 |
| 650 #0 - SUBJECT ADDED ENTRY--TOPICAL TERM | |
| Topical term or geographic name as entry element | Mysticism |
| Geographic subdivision | Europe |
| General subdivision | History |
| Chronological subdivision | 17th century. |
| 9 (RLIN) | 3779 |
| 856 42 - ELECTRONIC LOCATION AND ACCESS | |
| Materials specified | Publisher description |
| Uniform Resource Identifier | <a href="http://www.loc.gov/catdir/description/uchi052/91041827.html">http://www.loc.gov/catdir/description/uchi052/91041827.html</a> |
| 856 42 - ELECTRONIC LOCATION AND ACCESS | |
| Materials specified | Contributor biographical information |
| Uniform Resource Identifier | <a href="http://www.loc.gov/catdir/enhancements/fy0609/91041827-b.html">http://www.loc.gov/catdir/enhancements/fy0609/91041827-b.html</a> |
| 856 41 - ELECTRONIC LOCATION AND ACCESS | |
| Materials specified | Table of contents only |
| Uniform Resource Identifier | <a href="http://www.loc.gov/catdir/enhancements/fy0608/91041827-t.html">http://www.loc.gov/catdir/enhancements/fy0608/91041827-t.html</a> |
| 906 ## - LOCAL DATA ELEMENT F, LDF (RLIN) | |
| a | 7 |
| b | cbc |
| c | orignew |
| d | 1 |
| e | ocip |
| f | 19 |
| g | y-gencatlg |
| 942 ## - ADDED ENTRY ELEMENTS (KOHA) | |
| Source of classification or shelving scheme | Library of Congress Classification |
| Koha item type | Monograph ( Printed materials) |
| Withdrawn status | Lost status | Source of classification or shelving scheme | Damaged status | Not for loan | Home library | Current library | Date acquired | Total Checkouts | Full call number | Barcode | Date last seen | Price effective from | Koha item type |
|---|---|---|---|---|---|---|---|---|---|---|---|---|---|
| Library of Congress Classification | ARRUPE LIBRARY | ARRUPE LIBRARY | 26/11/2013 | BV5077.E85 C4713 1992 | 46410980 | 24/01/2017 | 26/11/2013 | Monograph ( Printed materials) |